| 000 | 00635nam a2200229 4500 | ||
|---|---|---|---|
| 001 | 116721 | ||
| 003 | ES-MaBCM | ||
| 005 | 20241016143214.0 | ||
| 008 | 051125s1965 fra fre d | ||
| 021 | _axx | ||
| 035 | _a(OCoLC)984787811 | ||
| 040 | _cES-MaBCM | ||
| 041 | 1 |
_afre _hita |
|
| 100 | 1 |
_aBeccaria, Cesare, marchese di _94144 |
|
| 245 | 1 | 0 |
_aDes délits et des peines _cCesare Beccaria |
| 260 |
_aGenève : _bLibrairie Droz, _c1965 |
||
| 300 |
_aXLVI, 80 p. _c23 cm |
||
| 440 | 4 |
_aLes classiques de la pensée politique _9107452 |
|
| 650 | 2 | 7 |
_aInfracción _958248 |
| 650 | 2 | 7 |
_aSanción penal _960174 |
| 942 | _cBK | ||
| 999 |
_c116721 _d116721 |
||